<?xml version="1.0" encoding="UTF-8"?>
<collection xmlns="http://www.loc.gov/MARC21/slim">
 <record>
  <leader>01961nam a22002537a 4500</leader>
  <controlfield tag="001">NCT_89379</controlfield>
  <controlfield tag="008">210416b        xxu||||| |||| 00| 0 vie d</controlfield>
  <datafield tag="999" ind1=" " ind2=" ">
   <subfield code="c">4406</subfield>
   <subfield code="d">4406</subfield>
  </datafield>
  <datafield tag="020" ind1=" " ind2=" ">
   <subfield code="a">9786045853634</subfield>
   <subfield code="c">99000</subfield>
  </datafield>
  <datafield tag="082" ind1="0" ind2="4">
   <subfield code="2">23rd ed.</subfield>
   <subfield code="a">306.4819</subfield>
   <subfield code="b">X500</subfield>
  </datafield>
  <datafield tag="100" ind1="1" ind2=" ">
   <subfield code="a">Phan Huy Xu</subfield>
  </datafield>
  <datafield tag="245" ind1="1" ind2="0">
   <subfield code="a">Bàn về văn hóa du lịch Việt Nam</subfield>
   <subfield code="c">Phan Huy Xu, Võ Văn Thành</subfield>
  </datafield>
  <datafield tag="260" ind1=" " ind2=" ">
   <subfield code="a">TP HCM</subfield>
   <subfield code="b">Tổng hợp TP Hồ Chí Minh</subfield>
  </datafield>
  <datafield tag="300" ind1=" " ind2=" ">
   <subfield code="a">335 tr.</subfield>
   <subfield code="c">24cm</subfield>
  </datafield>
  <datafield tag="520" ind1="3" ind2=" ">
   <subfield code="a">Sách phần làm rõ một số vấn đề nhận thức cơ bản về văn hóa du lịch nói chung cũng như văn hóa du lịch ở Việt Nam nói riêng, trong đó có mối quan hệ giữa văn hóa và du lịch, nhận diện sự khác biệt giữa văn hóa du lịch và du lịch văn hóa, các thành tố của văn hóa du lịch, việc ứng xử văn hóa trong phát triển du lịch...</subfield>
  </datafield>
  <datafield tag="653" ind1=" " ind2=" ">
   <subfield code="a">Quản trị DV Du lịch và Lữ hành</subfield>
  </datafield>
  <datafield tag="700" ind1="1" ind2=" ">
   <subfield code="a">Võ Văn Thành</subfield>
  </datafield>
  <datafield tag="942" ind1=" " ind2=" ">
   <subfield code="2">ddc</subfield>
   <subfield code="c">BK</subfield>
  </datafield>
  <datafield tag="952" ind1=" " ind2=" ">
   <subfield code="0">0</subfield>
   <subfield code="1">0</subfield>
   <subfield code="2">ddc</subfield>
   <subfield code="4">0</subfield>
   <subfield code="6">306_481900000000000_X500</subfield>
   <subfield code="7">0</subfield>
   <subfield code="9">21185</subfield>
   <subfield code="a">000001</subfield>
   <subfield code="b">000001</subfield>
   <subfield code="d">2021-04-16</subfield>
   <subfield code="o">306.4819 X500</subfield>
   <subfield code="p">MD.18464</subfield>
   <subfield code="r">2021-04-16</subfield>
   <subfield code="v">99000.00</subfield>
   <subfield code="w">2021-04-16</subfield>
   <subfield code="y">BK</subfield>
  </datafield>
  <datafield tag="952" ind1=" " ind2=" ">
   <subfield code="0">0</subfield>
   <subfield code="1">0</subfield>
   <subfield code="2">ddc</subfield>
   <subfield code="4">0</subfield>
   <subfield code="6">306_481900000000000_X500</subfield>
   <subfield code="7">0</subfield>
   <subfield code="9">21186</subfield>
   <subfield code="a">000001</subfield>
   <subfield code="b">000001</subfield>
   <subfield code="d">2021-04-16</subfield>
   <subfield code="o">306.4819 X500</subfield>
   <subfield code="p">MD.18465</subfield>
   <subfield code="r">2021-04-16</subfield>
   <subfield code="v">99000.00</subfield>
   <subfield code="w">2021-04-16</subfield>
   <subfield code="y">BK</subfield>
  </datafield>
  <datafield tag="952" ind1=" " ind2=" ">
   <subfield code="0">0</subfield>
   <subfield code="1">0</subfield>
   <subfield code="2">ddc</subfield>
   <subfield code="4">0</subfield>
   <subfield code="6">306_481900000000000_X500</subfield>
   <subfield code="7">0</subfield>
   <subfield code="9">21187</subfield>
   <subfield code="a">000001</subfield>
   <subfield code="b">000001</subfield>
   <subfield code="d">2021-04-16</subfield>
   <subfield code="o">306.4819 X500</subfield>
   <subfield code="p">MD.18466</subfield>
   <subfield code="r">2021-04-16</subfield>
   <subfield code="v">99000.00</subfield>
   <subfield code="w">2021-04-16</subfield>
   <subfield code="y">BK</subfield>
  </datafield>
  <datafield tag="952" ind1=" " ind2=" ">
   <subfield code="0">0</subfield>
   <subfield code="1">0</subfield>
   <subfield code="2">ddc</subfield>
   <subfield code="4">0</subfield>
   <subfield code="6">306_481900000000000_X500</subfield>
   <subfield code="7">0</subfield>
   <subfield code="9">21188</subfield>
   <subfield code="a">000001</subfield>
   <subfield code="b">000001</subfield>
   <subfield code="d">2021-04-16</subfield>
   <subfield code="l">1</subfield>
   <subfield code="o">306.4819 X500</subfield>
   <subfield code="p">MD.18467</subfield>
   <subfield code="q">2022-02-25</subfield>
   <subfield code="r">2022-02-10</subfield>
   <subfield code="s">2022-02-10</subfield>
   <subfield code="v">99000.00</subfield>
   <subfield code="w">2021-04-16</subfield>
   <subfield code="y">BK</subfield>
  </datafield>
  <datafield tag="952" ind1=" " ind2=" ">
   <subfield code="0">0</subfield>
   <subfield code="1">0</subfield>
   <subfield code="2">ddc</subfield>
   <subfield code="4">0</subfield>
   <subfield code="6">306_481900000000000_X500</subfield>
   <subfield code="7">0</subfield>
   <subfield code="9">21189</subfield>
   <subfield code="a">000001</subfield>
   <subfield code="b">000001</subfield>
   <subfield code="d">2021-04-16</subfield>
   <subfield code="l">1</subfield>
   <subfield code="o">306.4819 X500</subfield>
   <subfield code="p">MD.18468</subfield>
   <subfield code="q">2022-02-25</subfield>
   <subfield code="r">2022-02-10</subfield>
   <subfield code="s">2022-02-10</subfield>
   <subfield code="v">99000.00</subfield>
   <subfield code="w">2021-04-16</subfield>
   <subfield code="y">BK</subfield>
  </datafield>
  <datafield tag="980" ind1=" " ind2=" ">
   <subfield code="a">Thư viện Trường Đại học Nam Cần Thơ</subfield>
  </datafield>
 </record>
</collection>
